Engineering Drawing (Record no. 4866)

MARC details
000 -LEADER
fixed length control field 00388nam a22001697a 4500
005 - DATE AND TIME OF LATEST TRANSACTION
control field 20160630105819.0
008 - FIXED-LENGTH DATA ELEMENTS--GENERAL INFORMATION
fixed length control field 160630b xxu||||| |||| 00| 0 eng d
020 ## - INTERNATIONAL STANDARD BOOK NUMBER
ISBN 978-93-5014-315-5
041 ## - LANGUAGE CODE
Language code of text/sound track or separate title eng
082 ## - DEWEY DECIMAL CLASSIFICATION NUMBER
Item number 13170
100 ## - MAIN ENTRY--AUTHOR NAME
Personal name Gill, P.S
245 ## - TITLE STATEMENT
Title Engineering Drawing
260 ## - PUBLICATION, DISTRIBUTION, ETC. (IMPRINT)
Name of publisher Katson
Year of publication 2008
300 ## - PHYSICAL DESCRIPTION
Number of Pages 257
650 ## - SUBJECT ADDED ENTRY--TOPICAL TERM
Topical Term Diploma Engineering
942 ## - ADDED ENTRY ELEMENTS (KOHA)
Koha item type Books
Holdings
Lost status Damaged status Home library Current library Shelving location Date acquired Cost, normal purchase price Full call number Accession Number Koha item type Collection code
    JRU Library   SHELF-48-L 30/06/2016 350.00 13170 13170 Books  
    JRU Library     30/06/2016 350.00 13170 13171 Books  
    JRU Library   SHELF-48-J 30/06/2016 350.00 13170 13172 Books  
    JRU Library   SHELF-48-M 30/06/2016 350.00 13170 13173 Books  
    JRU Library   SHELF-48-J 30/06/2016 350.00 13170 13174 Books  
    JRU Library     30/06/2016 350.00 13170 13175 Books  
    JRU Library   SHELF-48-K 30/06/2016 350.00 13170 13176 Books  
    JRU Library JRU Library SHELF-58-C 30/06/2016 350.00 13170 13177 Books MINING
    JRU Library   SHELF-48-J 30/06/2016 350.00 13170 13178 Books